| 000 | 00796nam a2200205Ia 4500 | ||
|---|---|---|---|
| 003 | GCL | ||
| 008 | 140319s9999 xx 000 0 ara d | ||
| 040 |
_aGCL / _cGCL |
||
| 082 | 0 | 4 |
_aد _b328.3053 _bر ط |
| 100 | 1 | _aالمجالس القومية المتخصصة | |
| 245 | 1 | 0 |
_aالطاقة فى مصر ومستقبلها حتى عام 2000 / _cالمجالس القومية المتخصصة |
| 700 | 1 | _aالمجلس القومى للانتاج الشئون ا | |
| 260 |
_a[S.N] : _bالمجلس القومى للانتاج والشئون الاقتصادية ، _c1978 |
||
| 300 | _a115 ص | ||
| 490 |
_aالمؤسسة المصرية فى الفن والحياة _v0 |
||
| 650 | 0 | 4 | _aمصر |
| 650 | 0 | 4 | _aالبترول |
| 650 | 0 | 4 | _aالطاقة الكهربائية |
| 942 |
_2ddc _cCF |
||
| 999 |
_c27192 _d27192 |
||